[Event "Chioggia op-B 10th"]
[Site "Chioggia"]
[Date "2015.10.10"]
[Round "2"]
[White "Knottner, Klaus"]
[Black "Belloni, Umberto"]
[Result "1-0"]
[WhiteElo "1737"]
[BlackElo "1798"]
[PlyCount "79"]
[EventDate "2015.10.09"]
[EventType "swiss"]
[EventRounds "5"]
[EventCountry "ITA"]
[SourceTitle "EXT 2022"]
[Source "ChessBase"]
[SourceDate "2021.10.06"]
[SourceVersion "1"]
[SourceVersionDate "2021.10.06"]
[SourceQuality "1"]

1. e4 e6 2. d4 d5 3. Nd2 Nf6 4. e5 Nfd7 5. Bd3 c5 6. c3 Nc6 7. Ne2 Qb6 8. Nf3 cxd4 9. cxd4 Be7 10. 0-0 Qd8 11. a3 0-0 12. Nc3 a6 13. Bd2 g6 14. Bh6 Re8 15. Qd2 Bf8 16. Qf4 Bxh6 17. Qxh6 Nf8 18. Qf4 b5 19. Nd1 Kg7 20. Ne3 Nd7 21. Ng4 Rh8 22. Qh6+ Kg8 23. Rac1 Bb7 24. Rc3 Qf8 25. Qf4 h5 26. Nf6+ Nxf6 27. exf6 Rc8 28. Rfc1 Qe8 29. Qd6 Kh7 30. Ng5+ Kg8 31. Bxg6 fxg6 32. f7+ Qxf7 33. Nxf7 Kxf7 34. Qd7+ Kf6 35. Qxb7 Na5 36. Rf3+ Kg5 37. Qe7+ Kh6 38. Rxc8 Rxc8 39. Rc3 Rxc3 40. bxc3 1-0

[Event "Chioggia op-B 04th"]
[Site "Chioggia"]
[Date "2009.10.11"]
[Round "4"]
[White "Knottner, Klaus"]
[Black "Colombo, Matteo"]
[Result "1-0"]
[WhiteElo "1587"]
[BlackElo "1540"]
[PlyCount "73"]
[EventDate "2009.10.09"]
[EventType "swiss"]
[EventRounds "5"]
[EventCountry "ITA"]
[SourceTitle "EXT 2022"]
[Source "ChessBase"]
[SourceDate "2021.10.06"]
[SourceVersion "1"]
[SourceVersionDate "2021.10.06"]
[SourceQuality "1"]

1. e4 c5 2. Nf3 Nc6 3. d4 cxd4 4. Nxd4 Nf6 5. Nc3 e5 6. Nf5 d5 7. Ng3 Bb4 8. exd5 Nxd5 9. Bd2 Be6 10. Nge4 f6 11. a3 Nxc3 12. Nxc3 Be7 13. Bd3 0-0 14. Qh5 f5 15. Qd1 a6 16. 0-0 e4 17. Be2 Qc7 18. Re1 Rad8 19. Qc1 Bf6 20. Bg5 Nd4 21. Bxf6 Rxf6 22. Bd1 Rh6 23. g3 Qe5 24. Qg5 Rf6 25. Nxe4 Kf7 26. Bh5+ g6 27. Nxf6 Qxf6 28. Qxf6+ Kxf6 29. Bd1 Rc8 30. c3 Nc6 31. f4 Na5 32. Be2 Nb3 33. Rad1 Nc5 34. Bf3 b5 35. Rd6 Ke7 36. Rb6 Rd8 37. b4 1-0

[Event "Chioggia op-B 03rd"]
[Site "Chioggia"]
[Date "2008.10.10"]
[Round "1"]
[White "Knottner, Klaus"]
[Black "Schoonhoven, Edger"]
[Result "0-1"]
[WhiteElo "1560"]
[BlackElo "1440"]
[PlyCount "78"]
[EventDate "2008.10.10"]
[EventType "swiss"]
[EventRounds "5"]
[EventCountry "ITA"]
[SourceTitle "EXT 2022"]
[Source "ChessBase"]
[SourceDate "2021.10.06"]
[SourceVersion "1"]
[SourceVersionDate "2021.10.06"]
[SourceQuality "1"]

1. e4 c5 2. Nf3 e6 3. d4 cxd4 4. Nxd4 Nc6 5. Be3 Nf6 6. Nc3 a6 7. Be2 Qc7 8. Qd2 Ne5 9. Bf4 d6 10. Bg3 Be7 11. 0-0 0-0 12. Rad1 Rd8 13. Kh1 Nc4 14. Qc1 b5 15. a3 Bb7 16. f3 Rac8 17. Bxc4 Qxc4 18. Qe3 d5 19. exd5 Bxd5 20. Rd3 Qc5 21. Rfd1 b4 22. axb4 Qxb4 23. b3 Bb7 24. Be1 Qb6 25. Nf5 Qxe3 26. Nxe7+ Kf8 27. Rxe3 Kxe7 28. Red3 Rxd3 29. Rxd3 e5 30. Kg1 Ke6 31. Kf2 g5 32. Bd2 g4 33. Bc1 gxf3 34. gxf3 Nd5 35. Bb2 f5 36. Ke2 Nf4+ 37. Kd2 Nxd3 38. cxd3 Bc6 39. Ke3 Rb8 0-1